MDQL
is popping MORE tags! Check the
thread
!
Quizzes
Events
Quiz Creation
Community
Videos
Private Events
Remove Ads
Sign In
Join for FREE
Feedback
Dark Mode
Quiz Categories
Sports
Geography
Music
Movies
Television
Just For Fun
Miscellaneous
History
Literature
Language
Science
Gaming
Entertainment
Religion
Holiday
For Kids
Quiz Lab
Recent
Popular Today
Quiz Kudos Today
Editor Picks
Curator Picks
Quizzes by...
Day
Popularity
Type
Ratings
Length
Year
Community
Subscriptions
Recent Discussions
Orange Saloon
Badges
Playlists
Quests
Create
Leaderboards
Showdown
Live 5
Trivia Bingo
Activity
Puzzle Library
Sporcle Events
Private Events
Virtual Trivia
Globe League
Become a Host
Pub Owners
SporcleCon
Opinionation
Our Games
Videos
Blog
Mobile Apps
Partnerships
Remove Ads and Go Orange
Feedback
Sports
Athletes
MLB
NBA
NHL
NFL
Soccer
Sports Teams
WWE
NCAA
Football
Premier League
Basketball
Baseball
Hockey
Golf
Tennis
Cricket
Rugby
Auto Racing
Olympics
World Cup
Sports
Athletes
MLB
NBA
NHL
NFL
Soccer
Sports Teams
WWE
NCAA
Football
Premier League
Basketball
Baseball
Hockey
Golf
Tennis
Cricket
Rugby
Auto Racing
Olympics
World Cup
Random Quiz
Search Sporcle
×
Curator Pick
Curator Pick
Sports
Baseball
Type in answers that appear in a list
Type in answers that appear in a list
Classic
Best Score? Go Orange.
MLB OPS+ Leaders: 1981-1990 Stats
Can you name the MLB OPS+ Leaders: 1981-1990?
By
tnw827
7m
100 Questions
4,494 Plays
4,494 Plays
4,494 Plays
Comments
Comments
Give Quiz Kudos
Give Quiz Kudos
-
- Ratings
hide this ad
Replay
Link that replays current quiz
Next Quiz
Link to next quiz in quiz playlist
You Got
0%
They Got
Avg Score
71%
Avg Friend Score
Upgrade to see
Score Distribution
Jump to the score distribution portion of the page
Score
0/100
Timer
07:00
0
Plays Today
Year
Name
% Correct
1986
Mike Schmidt
92.4%
1984
Mike Schmidt
92.4%
1983
Mike Schmidt
92.4%
1982
Mike Schmidt
92.4%
1981
Mike Schmidt
92.4%
1990
Mark McGwire
90.3%
1987
Mark McGwire
90.3%
1990
Jose Canseco
90.2%
1988
Jose Canseco
90.2%
1990
George Brett
89%
1986
George Brett
89%
1985
George Brett
89%
1983
George Brett
89%
1990
Rickey Henderson
88.1%
1985
Rickey Henderson
88.1%
1984
Rickey Henderson
88.1%
1981
Rickey Henderson
88.1%
1984
Cal Ripken
87.2%
1983
Cal Ripken
87.2%
1986
Don Mattingly
87.1%
1985
Don Mattingly
87.1%
1984
Don Mattingly
87.1%
1988
Darryl Strawberry
86.2%
1987
Darryl Strawberry
86.2%
1986
Darryl Strawberry
86.2%
1989
Robin Yount
85.9%
1983
Robin Yount
85.9%
1982
Robin Yount
85.9%
1981
Andre Dawson
85.5%
1988
Wade Boggs
85.1%
1987
Wade Boggs
85.1%
1986
Wade Boggs
85.1%
1985
Wade Boggs
85.1%
1983
Wade Boggs
85.1%
Year
Name
% Correct
1990
Barry Bonds
84.9%
1987
Dale Murphy
83.1%
1985
Dale Murphy
83.1%
1984
Dale Murphy
83.1%
1983
Dale Murphy
83.1%
1989
Will Clark
82.9%
1989
Jack Clark
82.9%
1988
Jack Clark
82.9%
1987
Jack Clark
82.9%
1985
Jack Clark
82.9%
1988
Dave Winfield
81.3%
1984
Dave Winfield
81.3%
1990
Eddie Murray
80.4%
1985
Eddie Murray
80.4%
1984
Eddie Murray
80.4%
1983
Eddie Murray
80.4%
1982
Eddie Murray
80.4%
1981
Eddie Murray
80.4%
1987
Paul Molitor
79.7%
1987
Tony Gwynn
79.6%
1987
Dwight Evans
77.9%
1984
Dwight Evans
77.9%
1982
Dwight Evans
77.9%
1981
Dwight Evans
77.9%
1983
Darrell Evans
77.8%
1990
Kevin Mitchell
77%
1989
Kevin Mitchell
77%
1989
Alvin Davis
76.5%
1984
Alvin Davis
76.5%
1989
Eric Davis
76.4%
1987
Eric Davis
76.4%
1984
Chili Davis
76.4%
1988
Kirby Puckett
75.5%
1986
Kirby Puckett
75.5%
Year
Name
% Correct
1989
Howard Johnson
73%
1989
Lonnie Smith
69.5%
1987
Alan Trammell
68.8%
1986
Keith Hernandez
67.6%
1986
Tim Raines
66.7%
1985
Tim Raines
66.7%
1985
Dave Parker
64.3%
1988
Kent Hrbek
60.9%
1981
Cecil Cooper
59.8%
1985
Pedro Guerrero
56.6%
1983
Pedro Guerrero
56.6%
1982
Pedro Guerrero
56.6%
1986
Jesse Barfield
55.8%
1990
Fred McGriff
52.5%
1989
Fred McGriff
52.5%
1988
Fred McGriff
52.5%
1990
Cecil Fielder
51.5%
1988
Mike Greenwell
41.3%
1989
Ruben Sierra
41.3%
1982
Hal McRae
37.4%
1981
Bobby Grich
37.2%
1983
Jose Cruz
30.9%
1988
Andres Galarraga
29.6%
1982
Al Oliver
28.5%
1986
Kevin McReynolds
28.5%
1982
Doug DeCinces
26.1%
1981
Bill Madlock
25.7%
1981
Chet Lemon
23.1%
1982
Jason Thompson
22.5%
1982
Leon Durham
22%
1990
Kal Daniels
14.8%
1981
Tom Paciorek
8.8%
Quiz Playlist
Details
Report
Send in Message
Add To Playlist
Classic:
Type in answers that appear in a list
Quiz Source
Last Updated: Feb 16, 2017
Curator Pick in
MLB
Quiz Scoreboard
CHALLENGE
Sign Up to Join the Scoreboard
Show All
Scores
Hide
Comments
May contain spoilers
Recently Published
Holiday 10x10 Sorting Gallery
by lukepisani3
Holiday
15m
Two Season TV Shows II
by 123Four
Television
10m
Image Sorting: Flags VI
by Barbecue
Geography
2m
More to Explore
Quiz From the Vault
Featured Blog Post
14 Easter Pick-up Lines to Find Eggs With
hide this ad
You Might Also Like...
Tags
Baseball Quiz
MLB Quiz
OPS
OPS Leaders
Today's Top Quizzes in Sports
Browse Sports
hide this ad
Today's Top Quizzes in Baseball
Browse Baseball
Top Contributed Quizzes in Sports
1
Les meilleurs buteurs des matchs entre le PSG et l’OM
2
Les entraîneurs de l'OM et du PSG au 21e siècle
3
2022 World Cup Stars
4
Players with Multiple 50 Home Run Seasons
5
Les joueurs passés par le PSG et l'OM
6
FIFA Club World Cup Champions
7
Top 10 NHL Goal Scorers of All Time
8
Criteria MLB: Left Handed Sluggers
9
Les joueurs passés par le LOSC et le RC Lens
10
2023 MLB Unique Player Accomplishments
Explore More
Trending Topics
Kpop
Crossword
Marvel
NBA
Disney
Harry Potter
Anime
NFL
Pokémon
Puzzle
Country
WWE
Song
Soccer
The Office
hide this ad
More By:
tnw827
Quiz
Plays
Rating
Category
Featured
Created
MLB OPS+ Leaders: 1981-1990
4,494
4.55
Sports
Feb 2, 2013
MLB OPS+ Leaders: 1961-1970
3,390
4.69
Sports
Feb 1, 2013
MLB OPS+ Leaders: 1991-2000
3,180
4.76
Sports
Feb 3, 2013
MLB OPS+ Leaders: 2001-2012
3,035
4.61
Sports
Feb 4, 2013
MLB OPS+ Leaders: 1951-1960
2,000
4.50
Sports
Feb 1, 2013
Go to Creator's Profile
Score Distribution
Quiz Creator Spotlight
tnw827
Follow
Send a Message
Quizzes Created
-
Created Quiz Play Count
-
More By This Creator
Popular Quizzes Today
1
Find the US States - No Outlines Minefield
2
Colored Red Africa Blitz
3
Find the 'City' Movie
4
The Countries of the World
5
Find the US States
6
5x2 Blitz: Bands
7
Find the Countries of Europe - No Outlines Minefield
8
US States
More Sports Quizzes
Mohamed Salah's Winning XI's against former Teams
Quiz Lab
Trending Quizzes
Colored Red Europe Blitz I
Colored Red Europe Blitz II
Colored Red Africa Blitz II
Colored Red Europe Blitz III
Colored Red Africa Blitz III
Recently Updated
Odd Team Out - Big 4 Players
pecheneg
Quick Pick: 20 Twenties
pecheneg
March Madness Men's Triple Doubles
pecheneg
How Do You Spell That?
pecheneg
Godzilla Movies
pecheneg
Grab Bag: 4-10 Letters
pecheneg
2024 March Madness Bracket
pecheneg
Famous TV Couples
Peacemaker
Champions League XIs: Real Madrid
pecheneg
Largest US Cities 1790-2010
pecheneg
Trending Topics
Kpop
Anime
Disney
Marvel
NBA
Crossword
Harry Potter
Soccer
NFL
Puzzle
The Office
Country
Pokémon
WWE
Song
Your Account Isn't Verified!
In order to create a playlist on Sporcle, you need to verify the email address you used during registration. Go to your
Sporcle Settings
to finish the process.
Report this User
Report this user for behavior that violates our
Community Guidelines
.
Details:
Send Report
Go to the Sporcle.com Mobile Site →
Comments